|
|
|
|
| LEADER |
00000nab#a22000007a#4500 |
| 001 |
arbauad004505 |
| 003 |
AR-BaUAD |
| 005 |
20250711110637.0 |
| 008 |
940627|||||||||###||||||b###|0###a|spa|| |
| 040 |
|
|
|a AR-BaUAD
|c AR-BaUAD
|b spa
|
| 245 |
1 |
0 |
|a Diseño-Planificación-Tecnología : Arquitectura
|b obras estándar
|
| 300 |
0 |
|
|b cortes, detalles, fot., plantas
|
| 653 |
|
|
|a ARQUITECTURA
|
| 653 |
|
|
|a ARGENTINA
|
| 653 |
|
|
|a DECADA DE 1980
|
| 653 |
|
|
|a EDIFICIOS DE VIVIENDAS
|
| 653 |
|
|
|a CONSTRUCCION EN TORRE
|
| 653 |
|
|
|a CONNELL-MARAMBIO
|
| 653 |
|
|
|a RUIZ-PUERTAS-CALABRO
|
| 653 |
|
|
|a NEUQUEN
|
| 653 |
|
|
|a BUENOS AIRES, CIUDAD
|
| 773 |
0 |
|
|t SUMMA
|g no. 190 [ago. 1983], p. 43-48
|
| 942 |
|
|
|c ARTI
|
| 952 |
|
|
|0 0
|1 0
|4 0
|7 0
|9 49425
|a AR-BAuAD
|b AR-BAuAD
|d 2025-07-11
|l 0
|p AAQA004505
|r 2025-07-11 11:06:37
|w 2025-07-11
|y ARTI
|
| 990 |
|
|
|a AQ198
|b TD
|
| 998 |
|
|
|a AAQ
|b BIBUN76
|
| 999 |
|
|
|c 29098
|d 29098
|